Value engineering of building services (Record no. 102098)

MARC details
000 -LEADER
fixed length control field 00828cam a2200253 4500
008 - FIXED-LENGTH DATA ELEMENTS--GENERAL INFORMATION
fixed length control field 020524n1996 000 0 eng u
020 ## - INTERNATIONAL STANDARD BOOK NUMBER
International Standard Book Number 0860224503
035 ## - SYSTEM CONTROL NUMBER
System control number (Sirsi) u118134
050 ## - LIBRARY OF CONGRESS CALL NUMBER
Classification number 697
100 ## - MAIN ENTRY--PERSONAL NAME
Personal name Hayden, G.
245 ## - TITLE STATEMENT
Title Value engineering of building services
260 ## - PUBLICATION, DISTRIBUTION, ETC.
Place of publication, distribution, etc. Bracknell
Name of publisher, distributor, etc. BSRIA
Date of publication, distribution, etc. 1996
300 ## - PHYSICAL DESCRIPTION
Extent 63p.
Dimensions 30cm.
350 ## - PRICE (NR) (BK AM CF MU VM SE) [OBSOLETE]
Price 40
490 ## - SERIES STATEMENT
Series statement BSRIA Application Guide
Volume/sequential designation 15/96
520 ## - SUMMARY, ETC.
Summary, etc. This text aims to explain the principles of value analysis to building services engineers who have not experienced the process, and to demonstrate the potential cost savings to clients.
650 ## - SUBJECT ADDED ENTRY--TOPICAL TERM
Topical term or geographic name entry element Block management
9 (RLIN) 6220
650 ## - SUBJECT ADDED ENTRY--TOPICAL TERM
Topical term or geographic name entry element VALUE ANALYSIS
650 ## - SUBJECT ADDED ENTRY--TOPICAL TERM
Topical term or geographic name entry element VALUE ENGINEERING
650 ## - SUBJECT ADDED ENTRY--TOPICAL TERM
Topical term or geographic name entry element VALUE MANAGEMENT
690 ## - LOCAL SUBJECT ADDED ENTRY--TOPICAL TERM (OCLC, RLIN)
Topical term or geographic name as entry element Block management
9 (RLIN) 6220
700 ## - ADDED ENTRY--PERSONAL NAME
Personal name Parsloe, C.
942 ## - ADDED ENTRY ELEMENTS (KOHA)
Suppress in OPAC 0
Holdings
Withdrawn status Lost status Source of classification or shelving scheme Damaged status Not for loan Home library Current library Shelving location Date acquired Cost, normal purchase price Total Checkouts Full call number Barcode Date last seen Date last checked out Copy number Cost, replacement price Price effective from Koha item type
    Dewey Decimal Classification     London London Books 17/07/2002 38.25 6 F697 HAY 30066284 06/08/2019 16/03/2005 1 38.25 06/08/2019 Book